| 000 | 00355nam a2200145 a 4500 | ||
|---|---|---|---|
| 001 | 1808 | ||
| 003 | CDMR | ||
| 005 | 20130726135053.0 | ||
| 008 | 130130s1997||||||||||||||||||||||||||||d | ||
| 040 |
_aCDMR _bcat _cCPC GIRONA |
||
| 100 | 1 |
_aArbonès, Jordi _960 |
|
| 245 | 1 | 0 |
_aL'agulla de plata _cArbonès, Jordi (Nif) |
| 260 |
_c1997 _bDestino |
||
| 942 |
_cMON _2udc |
||
| 999 |
_c1808 _d1808 |
||